000 00618nam a2200193Ia 4500
003 GCL
005 20240530103800.0
008 140319s9999 xx 000 0 ara d
040 _aGCL /
_cGCL
082 0 4 _a801
_bش ف
100 1 _aشكرى عزيز الماضى
245 1 0 _aفى نظرية الادب /
_cشكرى عزيز الماضى
260 _aبيروت :
_bدار المنتخب العربى للدراسات والنشر والتوزيع ،
_c1993
300 _a260 ص؛
_c19 سم
650 0 4 _aالادب
650 0 4 _aالاداب الاسلامية
650 0 4 _aنظريات
942 _2ddc
_cBK
999 _c42451
_d42451